Maiores países por área ou população - Statistics

Estatísticas Gerais
  • Esse quiz foi jogado 130 vezes
  • A pontuação média é 26 de 31
Estatísticas das Respostas
país % Correto
China
100%
Brasil
99%
Estados Unidos
99%
Rússia
99%
Canadá
98%
Índia
97%
Austrália
96%
Argentina
95%
México
95%
Indonésia
93%
Alemanha
86%
Egito
85%
Nigéria
85%
Paquistão
85%
Argélia
84%
Rep Dem Congo
84%
Cazaquistão
83%
Japão
83%
Mongólia
79%
Irão
77%
Arábia Saudita
76%
Turquia
75%
Chade
72%
Sudão
72%
Bangladesh
70%
Peru
70%
Tailândia
70%
Líbia
67%
Filipinas
66%
Etiópia
60%
Vietname
59%
Nenhum quiz correspondente encontrado
Distribuição das Pontuações
Porcentagem de Pessoas com Cada Pontuação
Percentil de Números Respondidos
Sua Pontuação Histórica
Você não jogou esse quiz